000 00255nam a2200109Ia 4500
005 20251222154440.0
008 251222s9999||||xx |||||||||||||| ||spa||
082 _a520/M63
100 _a"Miravitlles, Luis"
245 0 _aVisado para el futuro
942 _cLIB
999 _c36748
_d36748